| 000 | 00427pab a2200145 454500 | ||
|---|---|---|---|
| 008 | 180718b xxu||||| |||| 00| 0 eng d | ||
| 100 | _aParlikh Dilip H. | ||
| 245 | _aRedefining Gujarat's irrigation potential : a model | ||
| 362 | _a28(26) 26 Jun 93, p.A45-47 | ||
| 650 | _aIrrigation -- India -- Gujarat | ||
| 700 | _aAlagh Yoginder K. | ||
| 700 | _aVora Amrish J. | ||
| 773 | _aEconomic and Political Weekly | ||
| 909 | _a24965 | ||
| 999 |
_c24965 _d24965 |
||